000 00641nam a22001937a 4500
999 _c193346
_d193346
005 20221025142523.0
010 _aENG-135516
020 _c850.00
_a9789384757786
035 _aEN-119048
037 _bDBAD/PUB
082 _a364.1530954
245 _aBreaching the citadel;
_bThe india papers 1/
_ceditied by urvashi butalia [and] laxmi murthy
260 _aNew delhi
_c2018
_bZubaan
270 _a128 B shahpur jat, 1st floor
_bNew delhi
_e110049
_mcontact@zubaanbooks.com
300 _a530p.
_c22cm(hbk)
700 _aButalia, urvashi
_eeditor
700 _aMurthy, laxmi
_eeditor
942 _2ddc
_cEN
_mBRE
_h364.1530954